| 000 | 00350nam a22001577a 4500 | ||
|---|---|---|---|
| 003 | SGT | ||
| 020 | _a9789351438748 | ||
| 082 | _a342.095 4,MUL | ||
| 100 | _aMULLA, DINSHAW FARDUNJI MULLA | ||
| 245 | _aMULLA HINDU LAW | ||
| 250 | _a22ND | ||
| 260 |
_aGURGAON _bLEXIS NEXIS _c2016 |
||
| 300 | _a1493 | ||
| 650 | _aMULLA HINDU LAW | ||
| 942 |
_2ddc _cBK |
||
| 999 |
_c10529 _d10529 |
||